000 00603nam a22001697a 4500
005 20251108171835.0
008 250721s1992 xx 000 0 ara d
082 1 4 _aم/016.091/محم
100 1 _aعطا الله، محمود علي
245 1 0 _aفهرس مخطوطات مكتبة آل القمحاوي بنابلس /
264 1 _aنابلس :
_bجامعة النجاح الوطنية - مركز التوثيق و المخطوطات و النشر،
_c1992.
300 _a161ص
650 1 7 _aالمخطوطات العربية
650 1 7 _aالفهارس
942 _2ddc
_cREF
999 _c64004
_d64004